Eurovision 2022 Participating Countries - Statistics

General Stats
  • This quiz has been taken 205 times
    177 since last reset
  • The average score is 35 of 40
Answer Stats
Answer % Correct
Spain
96%
Sweden
96%
United Kingdom
96%
Norway
94%
Germany
93%
Italy
93%
Ukraine
93%
Finland
91%
France
91%
Estonia
90%
Serbia
90%
Albania
89%
Latvia
89%
Netherlands
89%
Armenia
88%
Bulgaria
88%
Denmark
88%
Ireland
88%
Portugal
88%
Romania
88%
Austria
87%
Greece
87%
Israel
87%
Lithuania
87%
Poland
86%
Switzerland
86%
Azerbaijan
85%
Belgium
85%
Croatia
85%
Cyprus
85%
Slovenia
85%
Australia
84%
Iceland
84%
Malta
84%
Montenegro
84%
Georgia
83%
North Macedonia
82%
Moldova
80%
Czech Republic
77%
San Marino
77%
No matching quizzes found
Score Distribution
Percent of People with Each Score
Percentile by Number Answered
Your Score History
You have not taken this quiz since the last reset